Desať typických príkladov na vyplnenie daňového priznania dane z príjmov fyzických osôb za rok 1995 s príslušnými predpismi

Na minha lista:
Detalhes bibliográficos
Autor principal: Faiglová, Svetlana
Outros Autores: Bieliková, Mária
Formato: Livro
Idioma:eslovaco
Publicado em: Bratislava EPOS 1996
Edição:1. vyd.
Assuntos:
Tags: Adicionar Tag
Sem tags, seja o primeiro a adicionar uma tag!

MARC

LEADER 00000nam a2200000 4500
001 c013168
005 20221128072656.3
020 |a 80-88810-31-0 
041 0 |a slo 
044 |a SK 
245 1 0 |a Desať typických príkladov na vyplnenie daňového priznania dane z príjmov fyzických osôb za rok 1995 s príslušnými predpismi  |c Svetlana Faiglová, Mária Bieliková 
250 |a 1. vyd. 
264 1 |a Bratislava  |b EPOS  |c 1996 
300 |a 224 s. 
610 2 0 |a priznania daňové 
610 2 0 |a dane z príjmov 
610 2 0 |a predpisy právne 
610 2 0 |a zákony 
610 2 0 |a rozpočet štátny 
610 2 0 |a Slovensko 
610 2 0 |a 1992 
610 2 0 |a 1993 
610 2 0 |a 1994 
610 2 0 |a 1995 
100 1 |a Faiglová, Svetlana 
700 1 |a Bieliková, Mária